000 00572nam a2200169Ia 4500
003 GCL
008 140319s9999 xx 000 0 ara d
040 _aGCL /
_cGCL
082 0 4 _a810.91
_bط ت
100 1 _aطه احمد ابراهيم
245 1 0 _aتاريخ النقد الادبى عند العرب فى العصر الجاهلى الى القرن الرابع الهجرى /
_cطه احمد ابراهيم
300 _a176 ص
490 _a
650 0 4 _aالعصر الجاهلى
650 0 4 _aالادب العربى - تاريخ ونقد
942 _2ddc
_cBK
999 _c39172
_d39172